000 00370 a2200157 4500
001 152646
040 _cEscola São Tomás de Aquino
100 _aCARR, Stella
240 1 0 _aOs criminosos vieram para o chá
_lpor
245 1 0 _aOs criminosos vieram para o chá
300 _a125
362 0 _a1997
440 1 _aFTD
697 _a*LITERATURA JUVENIL
942 _cBK
999 _c152646
_d152646